| 000 | 00701nam a2200229 i 4500 | ||
|---|---|---|---|
| 001 | 115312 | ||
| 003 | ES-MaACL | ||
| 005 | 20230906190413.0 | ||
| 007 | t| | ||
| 008 | 070305q19011904sp ||||1| spa d | ||
| 080 | _a860-321.2"18" | ||
| 100 | 1 |
_aTolosa Latour, Manuel, _d1857-1919 _9110485 |
|
| 245 | 1 | 0 |
_aHombradas / _cM. Tolosa Latour ; dibujos de R. Carcedo. |
| 260 |
_aMadrid : _bB. RodrÃguez Serra, _c[entre 1901 y 1904] |
||
| 300 |
_a99 p. : _bil. ; _c13 cm. |
||
| 490 | 1 |
_aBiblioteca Mignon ; _v20 |
|
| 599 | _aRetr. del autor. | ||
| 700 | 1 |
_aCarcedo, Rafael. _9155017 |
|
| 830 | 1 |
_aBiblioteca Mignon ; _v20 _9186216 |
|
| 852 |
_aES-MaACL _jF-1201(2) |
||
| 999 |
_c115312 _d115312 |
||